000
00242nam a22000857a 4500
008
160629b xxu||||| |||| 00| 0 eng d
100
_9
1386
_a
Avinashi, V
245
_a
Fundamentals of Health Education
260
_a
New Delhi
_b
Arya Publications
_c
1999
999
_c
1146
_d
1146